000 00231nam a2200097Ia 4500
008 170619s9999 xx 000 0 und d
100 _aRao- S.S
245 0 _aSwitchgear Protection & Power Systems
260 _bKhanna Pub.
260 _c2012
546 _aENGLISH
999 _c21571
_d21571